000 00902nam a22001935i 4500
001 178668
003 ES-MaACL
005 20230906220601.0
008 110610s1972 sp d |||| | spa d
080 _a616.24
100 1 _aAgustí-Vidal, A.
_918911
245 1 0 _aContribución de la espirografía y de la gasometría arterial al diagnóstico diferencial entre bronquitis crónica y enfisema pulmonar /
_cresumen de la tesis presentada para aspirar al grado de doctor en medicina por Alberto Agustí Vidal.
260 _aBarcelona :
_bUniversidad de Barcelona, Secretariado de Publicaciones, Intercambio Científico y Extensión Universitaria :
_bIvern,
_c1972.
300 _a9, [2] p. :
_bil. bl. y n. ;
_c24 cm.
500 _aCub. tomada como port.
650 0 4 _aPulmones-
_xEnfermedades.
_9136791
710 2 _aUniversidad de Barcelona.
_97141
852 _aES-MaACL
_jE-15361 (75)
_xOlim P-1374
999 _c178668
_d178668